Départements avec communes de plus de 50 000 habitants - Statistiques

Statistiques générales
  • Ce quiz a été pris 198 fois
  • Le résultat moyen est 51 sur 64
Statistiques - réponses
Nombre de communes de plus de 50 000 habitants Département Villes de plus de 50 000 habitants % Correct
3 Bouches-du-Rhône Marseille (868 277), Aix-en-Provence (143 097), Arles (51 031)
94%
1 (dont 1 n'est pas considéré comme un département) Loire Saint-Etienne (173 089)
94%
13 Seine-Saint-Denis Saint-Denis (112 091), Montreuil (109 914), Aubervilliers (87 572), Aulnay-sous-Bois (86 278), Drancy (72 109), Noisy-le-Grand (68 126), Pantin (59 060), Le Blanc-Mesnil (57150), Epinay-sur-Seine (54 771), Bobigny (54 272), Bondy (54 055), Sevran (51 255), Saint-Ouen-sur-Seine (50 670)
94%
5 Nord Lille (233 098), Roubaix (98 089), Tourcoing (97 442), Dunkerque (86 865), Villeneuve-d'Ascq (62 727)
93%
1 (dont 1 n'est pas considéré comme un département) Paris Paris (2 175 601)
92%
3 Gironde Bordeaux (257 068), Mérignac (70 813), Pessac (64 374)
91%
8 Val-de-Marne Vitry-sur-Seine (94 649), Créteil (92 265), Champigny-sur-Marne (77 039), Saint-Maur-des-Fossés (75 298), Ivry-sur-Seine (63 309), Maisons-Alfort (55 899), Villejuif (54 964), Fontenay-sous-Bois (52 256)
91%
3 Val-d'Oise Argenteuil (110 213), Cergy (66 322), Sarcelles (58 811)
91%
4 (dont 1 n'est pas considéré comme un département) Var Toulon (176 198), La Seyne-sur-Mer (62 888), Hyères (55 069), Fréjus (53 786)
91%
2 Finistère Brest (139 602), Quimper (63 166)
90%
2 Yvelines Versailles (85 205), Sartrouville (52 269)
89%
1 (dont 1 n'est pas considéré comme un département) Bas-Rhin Strasbourg (284 677)
88%
12 Hauts-de-Seine Boulogne-Billancourt (121 334), Nanterre (96 807), Colombes (86 052), Asnières-sur-Seine (85 946), Courbevoie (82 198), Rueil-Malmaison (77 986), Issy-les-Moulineaux (68 260), Levallois-Perret (65 817), Antony (62 858), Clichy (62 485), Neuilly-sur-Seine (59 940), Clamart (52 926)
88%
1 (dont 1 n'est pas considéré comme un département) Pas-de-Calais Calais (72 929)
87%
4 (dont 1 n'est pas considéré comme un département) Alpes-Maritimes Nice (341 032), Cannes (73 965), Antibes (72 915), Cagnes-sur-Mer (51 411)
86%
2 Haut-Rhin Mulhouse (108 942), Colmar (68 703)
86%
2 Hérault Montpellier (290 053), Béziers (77 599)
85%
1 (dont 1 n'est pas considéré comme un département) Ille-et-Vilaine Rennes (217 728)
84%
1 (dont 1 n'est pas considéré comme un département) Isère Grenoble (157 650)
84%
2 Seine-et-Marne Meaux (55 416), Chelles (55 148)
84%
3 Essonne Evry-Courcouronnes (67 131), Corbeil-Essonnes (50 954), Massy (50 632)
83%
1 (dont 1 n'est pas considéré comme un département) Loiret Orléans (116 238)
83%
1 (dont 1 n'est pas considéré comme un département) Oise Beauvais (56 605)
83%
2 Seine-Maritime Le Havre (169 733), Rouen (111 360)
83%
1 (dont 1 n'est pas considéré comme un département) Aude Narbonne (55 375)
81%
1 (dont 1 n'est pas considéré comme un département) Côte-d'Or Dijon (156 854)
81%
1 (dont 1 n'est pas considéré comme un département) Haute-Garonne Toulouse (486 828)
81%
2 Loire-Atlantique Nantes (314 138), Saint-Nazaire (70 619)
81%
1 (dont 1 n'est pas considéré comme un département) Marne Reims (182 211)
81%
1 (dont 1 n'est pas considéré comme un département) Moselle Metz (116 581)
81%
1 (dont 1 n'est pas considéré comme un département) Somme Amiens (133 891)
81%
1 (dont 1 n'est pas considéré comme un département) Haute-Savoie Annecy (128 199)
80%
2 Morbihan Lorient (57 084), Vannes (53 438)
80%
2 Pyrénées-Atlantiques Pau (76 275), Bayonne (51 411)
80%
1 (dont 1 n'est pas considéré comme un département) Pyrénées-Orientales Perpignan (119 188)
80%
1 (dont 1 n'est pas considéré comme un département) Aube Troyes (61 996)
79%
6 La Réunion Saint-Denis (150 535), Saint-Paul (103 492), Saint-Pierre (84 961), La Tampon (79 385), Saint-André (56 747), Saint-Louis (53 589)
79%
1 (dont 1 n'est pas considéré comme un département) Meurthe-et-Moselle Nancy (104 885)
79%
1 (dont 1 n'est pas considéré comme un département) Savoie Chambéry (58 833)
79%
1 (dont 1 n'est pas considéré comme un département) Calvados Caen (105 512)
78%
1 (dont 1 n'est pas considéré comme un département) Gard Nîmes (149 633)
78%
1 (dont 1 n'est pas considéré comme un département) Guadeloupe Les Abymes (53 082)
78%
1 (dont 1 n'est pas considéré comme un département) Martinique Fort-de-France (78 126)
77%
1 (dont 1 n'est pas considéré comme un département) Vienne Poitiers (88 665)
77%
1 (dont 1 n'est pas considéré comme un département) Aisne Saint-Quentin (53 856)
76%
1 (dont 1 n'est pas considéré comme un département) Doubs Besançon (116 775)
76%
1 (dont 1 n'est pas considéré comme un département) Haute-Vienne Limoges (131 479)
76%
1 (dont 1 n'est pas considéré comme un département) Puy-de-Dôme Clermont-Ferrand (146 734)
76%
1 (dont 1 n'est pas considéré comme un département) Guyane Cayenne (63 652)
75%
1 (dont 1 n'est pas considéré comme un département) Indre-et-Loire Tours (136 463)
75%
1 (dont 1 n'est pas considéré comme un département) Tarn-et-Garonne Montauban (60 952)
75%
1 (dont 1 n'est pas considéré comme un département) Charente-Maritime La Rochelle (76 114)
73%
1 (dont 1 n'est pas considéré comme un département) Manche Cherbourg-en-Cotentin (79 144)
73%
1 (dont 1 n'est pas considéré comme un département) Mayotte Mamoudzou (71 437)
73%
1 (dont 1 n'est pas considéré comme un département) Vaucluse Avignon (91 729)
73%
1 (dont 1 n'est pas considéré comme un département) Sarthe Le Mans (143 252)
72%
1 (dont 1 n'est pas considéré comme un département) Drôme Valence (64 726)
71%
2 Maine-et-Loire Angers (154 508), Cholet (54 186)
71%
1 (dont 1 n'est pas considéré comme un département) Vendée La Roche-sur-Yon (54 766)
69%
1 (dont 1 n'est pas considéré comme un département) Cher Bourges (64 688)
68%
1 (dont 1 n'est pas considéré comme un département) Corse-du-Sud Ajaccio (70 817)
66%
1 (dont 1 n'est pas considéré comme un département) Deux-Sèvres Niort (59 059)
63%
4 (dont 1 n'est pas considéré comme un département) Métropole de Lyon Lyon (518 635), Villeurbanne (150 659), Vénissieux (67 129), Vaulx-en-Velin (50 823)
50%
1 (dont 1 n'est pas considéré comme un département) Nouvelle-Calédonie Nouméa (94 285)
33%
Aucun quiz correspondant
Distribution des résultats
% des personnes avec chaque résultat
Percentile par nombre de réponses
Votre historique - résultats
Vous n’avez pas pris ce quiz